Μικροανάλυση της παραγωγής πτυχιακή εργασία

Αποθηκεύτηκε σε:
Λεπτομέρειες βιβλιογραφικής εγγραφής
Κύριος συγγραφέας: Δρούζα, Άννα
Συγγραφή απο Οργανισμό/Αρχή: Πανεπιστήμιο Αιγαίου. Σχολή Περιβάλλοντος. Τμήμα Περιβάλλοντος
Μορφή: Thesis Βιβλίο
Γλώσσα:Greek
Δημοσίευση: 1991.
Θέματα:
Διαθέσιμο Online:http://hdl.handle.net/11610/10567
Ετικέτες: Προσθήκη ετικέτας
Δεν υπάρχουν, Καταχωρήστε ετικέτα πρώτοι!

MARC

LEADER 00000cam a2200000 i 4500
001 1/3155
008 000517s1991 gre d
035 |l 10060697 
040 |a GR-MY-UA  |b gre  |e aacr 
041 0 |a gre 
082 0 |a 577 
100 1 |a Δρούζα, Άννα. 
245 1 0 |a Μικροανάλυση της παραγωγής/παραγωγικότητας σε φρυγανικά οικοσυστήματα :   |b πτυχιακή εργασία /   |c Ανδρομάχη Δρούζα ; επιβλέπων A. Τρούμπης.  
260 |c 1991.  
300 |a 68 σ. :   |b πιν., σχ.  
500 |a Μέλη εξεταστικής επιτροπής: N. Μάργαρης, Κ. Σοφούλης, Α. Τρούμπης.  
502 |a Πτυχιακή εργασία - Πανεπιστήμιο Αιγαίου, Λέσβος, 1991. 
504 |a Περιέχει βιβλιογραφία.  
650 0 0 |a Primary productivity (Biology) 
650 0 0 |a Mediterranean-type plants. 
650 0 |a Mediterranean-type ecosystems  |z Greece  |z Lesbos (Municipality) 
650 0 0 |a Dissertations, Academic  |z Greece. 
655 0 |a Theses. 
700 1 |a Τρούμπης, Ανδρέας,  |e dgs 
710 2 |a Πανεπιστήμιο Αιγαίου.   |b Σχολή Περιβάλλοντος.   |b Τμήμα Περιβάλλοντος. 
852 |a INST  |b LESVOS  |c DIATR  |e 20000517  |h 3  |p 005100024263  |q 005100024263  |t DIE  |y 23 
852 |a INST  |b LESVOS  |c DIATR  |e 20000517  |h 4  |p 005100024262  |q 005100024262  |t DIE  |y 23 
856 |u http://hdl.handle.net/11610/10567 
901 |a BIBL1-2000-2 
909 |a Λ  |b 078643 
909 |a Λ  |b 078644 
924 |a ΔΡΟΥΖΑ  |b ΑΝΔΡΟΜΑΧΗ  |y ΛΕΣΒΟΣ  |z 1993-03 
970 |a ΑΙΒΑΤΖΙΔΟΥ  |b ΕΛΕΝΗ  |z 2000/05/17